000 00523nam a22001577a 4500
003 NUST
082 _a621
100 _a Munsif ,Aakash
_9122135
245 _aDesign and Fabrication of Simple Thermoacoustic Refrigerator /
_cAakash Munsif
264 _aIslamabad:
_bSMME- NUST.
_c2020.
300 _a52p. ;
_bSoft Copy ,
_c30cm.
650 _aMS Mechanical Engineering
_9119495
700 _aSupervisor : Dr. Emad Uddin
_9119529
856 _uhttp://10.250.8.41:8080/xmlui/handle/123456789/13142
942 _2ddc
_cTHE
999 _c608681
_d608681